000 00597nam a22002177a 4500
001 000040084
003 DO-SdBNP
005 20250611073818.0
007 ta
008 130806e2019 dr a fr 001 0 spa d
040 _aDO-SdBNP
_bspa
_cBNPHU
082 2 _bM665p
_222
110 1 _aRepública Dominicana.
_bMinisterio de Salud Pública
_980830
245 0 0 _aProtocolo anticoncepción
260 _aSanto Domingo :
_bMinisterio de Salud Publica,
_c2019
300 _a84 p. ;
_c15 cm.
590 _aInventariado 2019, DG
650 0 _aAnticoncepción
_9910
910 _aDG
942 _2ddc
_cLBS1
999 _c51296
_d51296